• 首页
  • 本馆介绍
  • 公告通知
  • 最新文献
  • 馆藏检索
  • 电子资源
  • 读者导购
  • 参考咨询
  • 我的图书馆
  • 登录
  • 详细信息显示
  • 放入我的书架
  • 预约/预借图书
  • 作者相关作品
  • 分类相关作品
  • 丛书相关作品
  • 出版社相关作品

书目信息

  • 表格格式
  • 工作单格式
  • 卡片格式
书名: Industrial water pollution control
作者: W. Wesley Eckenfelder, Jr.
分册号:
分册名:
出版地: Boston :
 
出版社: McGraw-Hill
出版时间: c2000.
页数: xii, 584 p. :
开本: 25 cm.
丛书名: McGraw-Hill series in water resources and environmental engineering
中图分类号:
科图分类号:
其他分类号: X703
主题词:
电子资源: http://www.loc.gov/catdir/toc/mh023/99036138.html      http://www.loc.gov/catdir/description/mh023/99036138.html     
000 01425cam a22003494a 450
001 E0738767156
005 20070321104721.01
008 990614s2000 maua b 001 0 eng
010    @a99036138
020    @a0070393648.
035    @A(DLC) 99036138
040    @aDLC@cDLC@dDLC
042    @apcc
050 00 @aTD745@b.E23 2000
082 00 @a628.3@2 21
090    @aX703
099    @dX703@ex5=3
100 1  @aEckenfelder, W. Wesley@q(William Wesley),@d1926-
245 10 @aIndustrial water pollution control / @cW. Wesley Eckenfelder, Jr.
250    @a3rd ed.
260    @aBoston :@bMcGraw-Hill,@cc2000.
300    @axii, 584 p. :@bill. ;@c25 cm.
440  0 @aMcGraw-Hill series in water resources and environmental engineering
504    @aIncludes bibliographical references and index.
650  0 @aSewage@xPurification.
650  0 @aFactory and trade waste@xPurification.
856 41 @3 Table of contents@uhttp://www.loc.gov/catdir/toc/mh023/99036138.html
856 42 @3 Publisher description@uhttp://www.loc.gov/catdir/description/mh023/99036138.html
906    @a7@bcbc@corignew@d1@eocip@f19@gy-gencatlg
925 0  @aacquire@b1 shelf copy@xpolicy default
955    @apc03 to ja00 06-15-99; jg11 06-15-99; jg15 06-23-99 (TD745); jg07 06-25-99; bk rec’d, to CIP ver. fj02 10-25-99; CIP ver jg14 12-02-99; jg07 12-03-99; to BCCD 12-03-99
991    @br-SciRR@hTD745@i.E23 2000@tCopy 1@wGenBib
    
    Industrial water pollution control / / W. Wesley Eckenfelder, Jr.-3rd ed.-Boston : : McGraw-Hill, , c2000.
    xii, 584 p. : : ill. ; ; 25 cm.- (McGraw-Hill series in water resources and environmental engineering )
    Includes bibliographical references and index.
    
    ISBN 0070393648.
    
●
相关链接 在E读中查询图书 在五车中查询图书 在当当中查询图书 在豆瓣中查询图书


正题名:Industrial water pollution control     索取号:X703/x5=3         预约/预借

序号 登录号 条形码 馆藏地/架位号 状态 备注
1 0003310   300033103   第二样本阅览室/ [索取号:X703/x5=3] 在馆    
2 0003311   300033112   第四借阅区/ [索取号:X703/x5=3] 在馆    
3 0003312   300033121   第四借阅区/ [索取号:X703/x5=3] 在馆    
唐山师范学院图书馆 欢迎您!
大连网信软件有限公司© 版权所有